Zoroastrianism Quiz - Statistics

General Stats
  • This quiz has been taken 114 times
  • The average score is 12 of 15
Answer Stats
Question Answer % Correct
What are the name of the Zoroastrian refugees who fled Persia to escape Muslim persecution? Parsis
100%
Who is the one God of Zoroastrianism? Ahura Mazda
98%
Where was Zoroastrianism founded? Persia (Iran)
98%
Who is the founder of Zoroastrianism? Zoroaster
98%
Where are most Zoroastrian ceremonies held? Fire Temples
91%
Zoroastrianism was the worlds first ____ religion. Monotheistic
91%
The _____ is the winged figure that is an important symbol of Zoroastrianism. Faravahar
87%
What is the name of the festival commemorating the Zoroastrian New Year? Naw-Ruz
85%
What is the name of the main holy scripture in Zoroastrianism? Avesta
78%
What is the name of the building where Zoroastrians leave their deceased to be naturally decayed? Tower of Silence
67%
What is the name of the bridge that one must cross to enter the afterlife? Chinvat Bridge
65%
Fire and ___ are seen as symbols of purity. Water
61%
What is the name of the initiation ceremony that all Zoroastrian children undergo at age 7 or 10? Navjote
57%
How old was Zoroaster when he received his first divine vision from God? 30
41%
What is the name given to the six seasonal festivals celebrated in honour of the six universal creations of God? Gahambars
33%
No matching quizzes found
Score Distribution
Percent of People with Each Score
Percentile by Number Answered
Your Score History
You have not taken this quiz